000 00209 a2200097 4500
001 24505
100 _aBalabanian, N
245 _aNetwork Synthesis
260 _a
_bPrentice Hall
_c1964
090 _c16558
_d16558
942 _aNUST-CAE
_cM
_c7289
999 _c259578
_d259578